| 000 | 00850nam a22002177a 4500 | ||
|---|---|---|---|
| 010 | _aB-059905 | ||
| 020 |
_a8185216355 _c995.00 |
||
| 035 | _aB-059905 | ||
| 037 | _bCen Lib / Ret | ||
| 040 |
_aDPL _bEn |
||
| 082 |
_a020 _bALL |
||
| 245 |
_aQuest for quality : _bstrategies and applications in library and information services : ILA seminar papers, 46th All India Library Conference, Ahmedabad, 3-6 January, 2001 / _cedited by S. M. Dhawan |
||
| 260 |
_aDelhi _bIndain Library Association _c2001 |
||
| 270 |
_aA/40-41, Flat no. 201, Ansal Building, Mukherjee Nagar _bDelhi _e110009 |
||
| 300 |
_axxi, 859p _c24cm(Hb) |
||
| 650 | _aLibrary science -- India -- Congresses. | ||
| 650 | _aInformation science -- India -- Congresses. | ||
| 650 | _aInformation science. | ||
| 700 | _aDhawan, S. M. | ||
| 942 |
_2ddc _cEN _h020 _mALL |
||
| 999 |
_c136896 _d136896 |
||